000 00652cam a2200193 a 4500
020 _a0471008338
040 _cJRZ
082 0 0 _a338 WIL 2002 A011 Or.
_aB
100 1 _aWaters, John K.
245 1 0 _aJohn Chambers and the CISCO way :
_bnavigating through volatility /
260 _aNew York :
_bWiley,
_c2002.
300 _ax, 192 p. ;
_c24 cm.
650 0 _aChief executive officers
650 0 _aInternet industry
856 4 2 _uhttp://www.loc.gov/catdir/bios/wiley043/2002277775.html
856 4 2 _uhttp://www.loc.gov/catdir/description/wiley036/2002277775.html
856 4 1 _uhttp://www.loc.gov/catdir/toc/wiley022/2002277775.html
942 _cEK
999 _c13392
_d13392